[Event "Online Olym Top DivC 2021"]
[Site "chess.com INT"]
[Date "2021.09.10"]
[Round "5.2"]
[Board "6"]
[White "Francisco Guecamburu, Candela Be"]
[Black "Eizaguerri Floris, Maria"]
[Result "1/2-1/2"]
[WhiteTitle "WFM"]
[BlackTitle "FM"]
[WhiteElo "2034"]
[BlackElo "2328"]
[WhiteTeam "Argentina"]
[BlackTeam "Spain"]
[WhiteFideId "160911"]
[BlackFideId "32065752"]
[EventDate "2021.09.09"]
[EventType "team"]

1. e4 c5 2. Nf3 d6 3. Bb5+ Nd7 4. d4 cxd4 5. Qxd4 a6 6. Bxd7+ Bxd7 7. c4 b5 8.
Nc3 e5 9. Qd3 bxc4 10. Qxc4 Qc8 11. Qd3 Be6 12. Be3 Nf6 13. Rc1 Qb7 14. O-O Be7
15. Bg5 O-O 16. Rfd1 Rfd8 17. Bxf6 Bxf6 18. Nd5 Bxd5 19. Qxd5 Rab8 20. Rc2 h5
21. Qxb7 Rxb7 22. h4 Rb5 23. Rcd2 a5 24. b3 Be7 25. Rd5 Rdb8 26. g3 g6 27. Kf1
Kg7 28. Ke2 a4 29. Rxb5 Rxb5 30. Rd3 Rb4 31. Nd2 axb3 32. axb3 Kf6 33. Nc4 Ke6
34. f3 f5 35. Ke3 Rb8 36. Na5 f4+ 37. gxf4 exf4+ 38. Kxf4 Bxh4 39. Rd5 Bf6 40.
Ke3 g5 41. Kf2 Be5 42. Kg2 h4 43. Nc4 Rxb3 44. Nxe5 dxe5 45. Ra5 Rb2+ 46. Kh3
Rf2 47. Ra6+ Kf7 48. Kg4 Rg2+ 49. Kf5 h3 50. Rh6 h2 51. Kxe5 Kg7 52. Rh3 Kg6 53.
Kd6 Rd2+ 54. Ke6 Re2 55. e5 g4 56. fxg4 Kg5 57. Kd6 Kxg4 58. Rh8 Kg3 59. e6 Kg2
60. e7 h1=Q 61. Rxh1 Kxh1 62. Kd7 Rd2+ 63. Kc7 Re2 64. Kd7 Kg2 65. e8=Q Rxe8 66.
Kxe8 1/2-1/2

[Event "Online Olym Top DivC 2021"]
[Site "chess.com INT"]
[Date "2021.09.10"]
[Round "5.3"]
[Board "1"]
[White "Grischuk, Alexander"]
[Black "Smirin, Ilia"]
[Result "1/2-1/2"]
[WhiteTitle "GM"]
[BlackTitle "GM"]
[WhiteElo "2775"]
[BlackElo "2616"]
[WhiteTeam "Russia"]
[BlackTeam "Israel"]
[WhiteFideId "4126025"]
[BlackFideId "2801990"]
[EventDate "2021.09.09"]
[EventType "team"]

1. e4 c5 2. Nf3 e6 3. d4 cxd4 4. Nxd4 a6 5. c4 Nf6 6. Nc3 Qc7 7. Be2 Bb4 8. Qd3
O-O 9. O-O d6 10. Bg5 Nbd7 11. Rac1 Bxc3 12. Bxf6 Nxf6 13. Rxc3 e5 14. Nc2 Be6
15. Ne3 Nd7 16. Bg4 Nc5 17. Qc2 a5 18. Rd1 Rfd8 19. f3 Rab8 20. Kh1 Ra8 21. h3
a4 22. Qc1 Qb6 23. Bxe6 fxe6 24. Nc2 Nd7 25. Rcd3 Nf6 26. Ne3 Nh5 27. Qd2 Nf4
28. Rc3 Rac8 29. Kh2 Rc6 30. Qc2 Rf8 31. Rd2 Ra8 32. Rxd6 Rxd6 33. c5 Qd8 34.
cxd6 Qxd6 35. Rc8+ Rxc8 36. Qxc8+ Kf7 37. Qxb7+ Kg6 38. Qc8 h5 39. Qc3 Kh7 40.
h4 Ne2 41. Qc2 Nf4 42. Qc3 Ne2 43. Qc2 Nf4 44. Qc3 1/2-1/2

[Event "Online Olym Top DivC 2021"]
[Site "chess.com INT"]
[Date "2021.09.10"]
[Round "5.3"]
[Board "2"]
[White "Rodshtein, Maxim"]
[Black "Fedoseev, Vladimir3"]
[Result "0-1"]
[WhiteTitle "GM"]
[BlackTitle "GM"]
[WhiteElo "2599"]
[BlackElo "2708"]
[WhiteTeam "Israel"]
[BlackTeam "Russia"]
[WhiteFideId "2806851"]
[BlackFideId "24130737"]
[EventDate "2021.09.09"]
[EventType "team"]

1. d4 d5 2. Nf3 Nf6 3. c4 c6 4. e3 Bf5 5. Nc3 e6 6. Nh4 Bg6 7. Qb3 Qc7 8. g3
Nbd7 9. Nxg6 hxg6 10. Bg2 Be7 11. O-O Rd8 12. Bd2 Nb6 13. cxd5 exd5 14. Rad1 Qd7
15. f3 g5 16. Bc1 g4 17. Qc2 gxf3 18. Rxf3 Qe6 19. b3 Nc8 20. Rdf1 Nd6 21. Rf4
Kf8 22. h3 Kg8 23. g4 Re8 24. Qf2 Bd8 25. g5 Nh5 26. Rg4 f5 27. gxf6 Nxf6 28.
Rf4 Ba5 29. Ne2 Nde4 30. Bxe4 Nxe4 31. Rf8+ Rxf8 32. Qxf8+ Kh7 33. Qf5+ Qxf5 34.
Rxf5 Kg6 35. Re5 Kf6 36. Nf4 g5 37. Ne6 Bb4 38. Kg2 Bd6 0-1

[Event "Online Olym Top DivC 2021"]
[Site "chess.com INT"]
[Date "2021.09.10"]
[Round "5.3"]
[Board "3"]
[White "Lagno, Kateryna"]
[Black "Gutmakher, Olga"]
[Result "1-0"]
[WhiteTitle "GM"]
[BlackTitle "WIM"]
[WhiteElo "2550"]
[BlackElo "2236"]
[WhiteTeam "Russia"]
[BlackTeam "Israel"]
[WhiteFideId "14109336"]
[BlackFideId "2807602"]
[EventDate "2021.09.09"]
[EventType "team"]

1. e4 c5 2. Nf3 Nc6 3. d4 cxd4 4. Nxd4 e5 5. Nb5 d6 6. c4 Be7 7. N5c3 Nf6 8. Bd3
Bg4 9. Be2 Be6 10. Be3 O-O 11. O-O Rc8 12. Na3 Nd7 13. Nd5 Bg5 14. Nb5 Bxd5 15.
Bxg5 Qxg5 16. cxd5 Nd4 17. Nxd4 exd4 18. Bg4 Rc7 19. Bxd7 Rxd7 20. Qxd4 b6 21.
Rac1 h5 22. h3 f5 23. f4 Qd8 24. Rc6 fxe4 25. Qxe4 Qf6 26. Qe6+ Rff7 27. b3 h4
28. f5 Kh7 29. Rf4 Qg5 30. Rg4 Qh6 31. Qg6+ Kg8 32. Qxh6 1-0

[Event "Online Olym Top DivC 2021"]
[Site "chess.com INT"]
[Date "2021.09.10"]
[Round "5.3"]
[Board "4"]
[White "Lahav, Michal"]
[Black "Gunina, Valentina"]
[Result "0-1"]
[WhiteTitle "WIM"]
[BlackTitle "GM"]
[WhiteElo "2127"]
[BlackElo "2446"]
[WhiteTeam "Israel"]
[BlackTeam "Russia"]
[WhiteFideId "2813742"]
[BlackFideId "4167570"]
[EventDate "2021.09.09"]
[EventType "team"]

1. e4 c6 2. d4 d5 3. exd5 cxd5 4. Bd3 Nf6 5. h3 Nc6 6. c3 e5 7. dxe5 Nxe5 8. Qe2
Ne4 9. Bb5+ Bd7 10. Bxd7+ Qxd7 11. f3 O-O-O 12. fxe4 dxe4 13. Be3 Nd3+ 14. Kf1
Qf5+ 15. Nf3 exf3 16. gxf3 Bc5 17. Bxc5 Nxc5 18. Na3 Rhe8 19. Qg2 Re6 20. Qg4
Qd3+ 21. Kg2 f5 0-1

[Event "Online Olym Top DivC 2021"]
[Site "chess.com INT"]
[Date "2021.09.10"]
[Round "5.3"]
[Board "5"]
[White "Esipenko, Andrey"]
[Black "Parkhov, Yair"]
[Result "1/2-1/2"]
[WhiteTitle "GM"]
[BlackTitle "IM"]
[WhiteElo "2720"]
[BlackElo "2434"]
[WhiteTeam "Russia"]
[BlackTeam "Israel"]
[WhiteFideId "24175439"]
[BlackFideId "2813408"]
[EventDate "2021.09.09"]
[EventType "team"]

1. e4 c5 2. Nf3 d6 3. Bb5+ Nd7 4. d4 cxd4 5. Nxd4 a6 6. Bd3 g6 7. c4 Bg7 8. Be3
Ngf6 9. Nc3 O-O 10. Be2 e6 11. O-O d5 12. exd5 exd5 13. cxd5 Nb6 14. Bg5 Nbxd5
15. Bf3 Nxc3 16. bxc3 Qa5 17. Qd2 h6 18. Bxh6 Bxh6 19. Qxh6 Qxc3 20. Qf4 Kg7 21.
h4 Bd7 22. Rfc1 Qa5 23. Bxb7 Rab8 24. Rc7 Rfe8 25. Nf3 Qb6 26. h5 Nxh5 27. Qd4+
Qxd4 28. Nxd4 Nf6 29. Bxa6 Rb4 30. Nf3 Be6 31. a3 Rb2 32. Ng5 Bd5 33. Bc4 Bxc4
34. Rxc4 Re5 35. Nh3 Ra5 36. a4 g5 37. Re1 Kg6 38. Rd1 Ra2 39. Rdd4 Nd5 40. Rc6+
f6 41. Rd6 Nc3 42. Rc4 Ne2+ 43. Kf1 Re5 44. Rd1 Rf5 45. Re1 Ng3+ 46. Kg1 Re5 47.
Rd1 Ne2+ 48. Kh2 Ra5 49. Re1 Re5 50. g3 Nd4 51. Rxe5 Nf3+ 52. Kg2 Nxe5 53. Rd4
Kf5 54. Ng1 Ng4 55. Nh3 Ne3+ 56. Kg1 Ng4 57. Rb4 Ne5 58. Kg2 Nd3 59. Rd4 Ne1+
60. Kf1 Nf3 61. Rb4 Ke5 62. Kg2 Ne1+ 63. Kg1 Ra1 64. Rb5+ Ke4 65. Rb4+ Kf5 66.
Rc4 Nf3+ 67. Kg2 Ne1+ 68. Kf1 Nd3+ 69. Kg2 Ne1+ 70. Kf1 Nd3+ 71. Ke2 Ne5 72. Rb4
Ra2+ 73. Kf1 Nd3 74. Rd4 Ne5 75. Kg2 Ra1 76. Rb4 Nd3 77. Rb5+ Ke4 78. Ng1 Ra2
79. Nh3 Rxa4 80. Rb6 Kf5 81. Rd6 Ne1+ 82. Kf1 Nf3 83. Kg2 Ne1+ 84. Kf1 Nf3 85.
Kg2 Ne1+ 1/2-1/2

[Event "Online Olym Top DivC 2021"]
[Site "chess.com INT"]
[Date "2021.09.10"]
[Round "5.3"]
[Board "6"]
[White "Levitan, Ronit"]
[Black "Garifullina, Leya"]
[Result "0-1"]
[WhiteTitle "WCM"]
[BlackTitle "WGM"]
[WhiteElo "2171"]
[BlackElo "2409"]
[WhiteTeam "Israel"]
[BlackTeam "Russia"]
[WhiteFideId "2815109"]
[BlackFideId "34127035"]
[EventDate "2021.09.09"]
[EventType "team"]

1. e4 c5 2. c3 d5 3. exd5 Qxd5 4. d4 Nf6 5. Nf3 Nc6 6. Be2 Bg4 7. O-O e6 8. Be3
cxd4 9. cxd4 Be7 10. Nc3 Qd6 11. h3 Bh5 12. Qb3 O-O 13. Rfd1 Nb4 14. Rac1 Nbd5
15. g4 Bg6 16. g5 Ne4 17. Nxd5 exd5 18. h4 Bh5 19. Rc2 Qe6 20. Ne5 Bxe2 21. Rxe2
Bd6 22. f3 Ng3 23. Rg2 Nf5 24. Bf2 Bxe5 25. dxe5 Rad8 26. f4 d4 27. Qxb7 Qxa2
28. Qe4 g6 29. Bxd4 Qb3 30. Rd3 Rxd4 31. Rxd4 Qb6 32. Rd2 Rd8 33. e6 Rxd4 34.
Rxd4 fxe6 35. Qa8+ Kf7 36. Kh1 Qxd4 37. Qb7+ Ne7 38. Qb8 Qf2 39. Qh8 Qxh4+ 40.
Kg2 Nd5 41. Kg1 Qg3+ 42. Kh1 Nxf4 43. Qxh7+ Ke8 44. Qh8+ Ke7 45. Qf6+ Kd6 46.
Qd4+ Nd5 47. b4 Qf3+ 48. Kg1 Qe3+ 0-1

[Event "Online Olym Top DivC 2021"]
[Site "chess.com INT"]
[Date "2021.09.10"]
[Round "5.4"]
[Board "1"]
[White "Ivanchuk, Vasyl"]
[Black "Vazquez, Guillermo"]
[Result "1/2-1/2"]
[WhiteTitle "GM"]
[BlackTitle "IM"]
[WhiteElo "2678"]
[BlackElo "2534"]
[WhiteTeam "Ukraine"]
[BlackTeam "Paraguay"]
[WhiteFideId "14100010"]
[BlackFideId "3702308"]
[EventDate "2021.09.09"]
[EventType "team"]

1. c4 e6 2. Nc3 d5 3. d4 Nf6 4. Bg5 Be7 5. e3 O-O 6. Nf3 h6 7. Bh4 Ne4 8. Bxe7
Qxe7 9. Rc1 c6 10. Qc2 Nxc3 11. Qxc3 Nd7 12. Be2 dxc4 13. Bxc4 b6 14. O-O Bb7
15. Be2 Rfc8 16. Rfd1 c5 17. Qa3 Kf8 18. Bb5 Bxf3 19. gxf3 Nf6 20. dxc5 Rxc5 21.
Rxc5 bxc5 22. Rc1 Rc8 23. b4 c4 24. Rxc4 Rd8 25. Qc1 Nd5 26. a3 Qg5+ 27. Rg4 Qe5
28. Qc5+ Kg8 29. Qd4 Qxd4 30. Rxd4 Rc8 31. Rc4 Rd8 32. h4 g5 33. hxg5 hxg5 34.
Rg4 f6 35. f4 Kf7 36. Rg3 1/2-1/2

[Event "Online Olym Top DivC 2021"]
[Site "chess.com INT"]
[Date "2021.09.10"]
[Round "5.4"]
[Board "2"]
[White "Almiron, Antonio"]
[Black "Shevchenko, Kirill"]
[Result "0-1"]
[WhiteTitle "FM"]
[BlackTitle "GM"]
[WhiteElo "2366"]
[BlackElo "2633"]
[WhiteTeam "Paraguay"]
[BlackTeam "Ukraine"]
[WhiteFideId "3701166"]
[BlackFideId "14129574"]
[EventDate "2021.09.09"]
[EventType "team"]

1. e4 c5 2. Nf3 d6 3. Bb5+ Nd7 4. O-O Nf6 5. Re1 a6 6. Bf1 b6 7. c4 Bb7 8. Nc3
e6 9. b3 Be7 10. d4 cxd4 11. Nxd4 O-O 12. Be3 Nxe4 13. Nxe4 Bxe4 14. Qg4 Nf6 15.
Qh3 Qc8 16. Bg5 Bg6 17. Qf3 Bh5 18. Qc6 h6 19. Bh4 g5 20. Bg3 e5 21. Qxb6 Bd8
22. Qxd6 exd4 23. Qxd4 Qd7 24. Qc3 Qc6 25. Bd3 Ra7 26. Be5 Re8 27. Bd4 Rxe1+ 28.
Rxe1 Re7 29. Rf1 Ne4 30. Qb2 Bg6 31. f3 Rd7 32. Bxe4 Bxe4 33. Bh8 f6 34. fxe4
Kxh8 35. e5 Qc5+ 36. Kh1 Qxe5 37. Qc2 Bc7 38. g3 Re7 39. Qg2 Kg7 40. b4 Qe4 41.
Qxe4 Rxe4 42. Rc1 Re2 43. a4 Ra2 44. a5 Kg6 45. Rd1 Rb2 46. Rd7 Be5 47. Rb7 Bc3
48. b5 Bxa5 49. Ra7 g4 50. Rxa6 Bc3 0-1

[Event "Online Olym Top DivC 2021"]
[Site "chess.com INT"]
[Date "2021.09.10"]
[Round "5.4"]
[Board "3"]
[White "Osmak, Iulija"]
[Black "Perez Rodriguez, Jennifer"]
[Result "1/2-1/2"]
[WhiteTitle "IM"]
[BlackTitle "WIM"]
[WhiteElo "2428"]
[BlackElo "2251"]
[WhiteTeam "Ukraine"]
[BlackTeam "Paraguay"]
[WhiteFideId "14101602"]
[BlackFideId "3507831"]
[EventDate "2021.09.09"]
[EventType "team"]

1. Nf3 d5 2. g3 c6 3. Bg2 Nf6 4. O-O Bf5 5. c4 e6 6. Qb3 Qb6 7. d3 Be7 8. Be3
Qxb3 9. axb3 a6 10. Nc3 h6 11. Rfc1 Nbd7 12. Nd4 Bh7 13. Nc2 O-O 14. b4 dxc4 15.
dxc4 Bxc2 16. Rxc2 Bxb4 17. Na2 Bc5 18. Bd2 a5 19. Bc3 Rfd8 20. Rd2 Bb6 21. Rad1
Nc5 22. Bxf6 gxf6 23. Nc3 f5 24. Kf1 Kg7 25. e3 Kf6 26. Ke2 Rxd2+ 27. Rxd2 Rd8
28. Bf3 Rxd2+ 29. Kxd2 Bc7 30. Kc2 Be5 31. Nd1 Bd6 32. Be2 Nd7 33. f3 Bc5 34.
Kd2 Ke7 35. Nf2 Bb4+ 36. Kc2 Kd6 37. Nd3 Ne5 38. Nxe5 Kxe5 39. Bd3 Be1 40. b3
Kd6 41. e4 fxe4 42. Bxe4 Kc5 43. Bh7 f6 44. Bg8 e5 45. Kd3 Kb4 46. Kc2 Bf2 47.
g4 Be3 48. Be6 Bf4 49. h4 Bg3 50. h5 Bf4 51. Bc8 b5 52. cxb5 cxb5 53. Be6 Kc5
54. Bd7 Kb4 55. Be6 a4 56. bxa4 bxa4 57. Bf7 a3 58. Bg8 Kc5 59. Kd3 Kb4 60. Ba2
Bg5 61. Bf7 Bf4 62. Ba2 1/2-1/2

[Event "Online Olym Top DivC 2021"]
[Site "chess.com INT"]
[Date "2021.09.10"]
[Round "5.4"]
[Board "4"]
[White "Vargas, Gabriela"]
[Black "Zhukova, Natalia"]
[Result "0-1"]
[WhiteTitle "WIM"]
[BlackTitle "GM"]
[WhiteElo "2152"]
[BlackElo "2331"]
[WhiteTeam "Paraguay"]
[BlackTeam "Ukraine"]
[WhiteFideId "3700860"]
[BlackFideId "14101513"]
[EventDate "2021.09.09"]
[EventType "team"]

1. d4 d5 2. Nf3 c5 3. c3 e6 4. Bg5 Qb6 5. Qb3 c4 6. Qxb6 axb6 7. Nbd2 b5 8. a3
b4 9. cxb4 Bxb4 10. Rc1 Bd6 11. e4 Nc6 12. g3 f6 13. Be3 Nge7 14. Bg2 b5 15. O-O
Kf7 16. Ne1 b4 17. axb4 Bxb4 18. Nc2 Ba5 19. Ra1 Bd7 20. Ra2 Bc7 21. Rfa1 Rxa2
22. Rxa2 Rb8 23. Nb1 Ba5 24. h4 Rb3 25. Nd2 Rd3 26. Nf1 Bb6 27. Ra3 Rd1 28. Kh2
Nxd4 29. Nxd4 Bxd4 30. Bf3 Rxf1 31. Bxd4 e5 32. Bc5 d4 33. Kg2 Rb1 34. Ra7 Ke8
35. Ra8+ Nc8 36. Rb8 c3 0-1

[Event "Online Olym Top DivC 2021"]
[Site "chess.com INT"]
[Date "2021.09.10"]
[Round "5.4"]
[Board "5"]
[White "Galperin, Platon"]
[Black "Melian, Juan Sebastian"]
[Result "1-0"]
[WhiteTitle "IM"]
[BlackTitle "CM"]
[WhiteElo "2512"]
[BlackElo "1978"]
[WhiteTeam "Ukraine"]
[BlackTeam "Paraguay"]
[WhiteFideId "14165414"]
[BlackFideId "3706575"]
[EventDate "2021.09.09"]
[EventType "team"]

1. c4 Nf6 2. Nc3 e6 3. d4 Bb4 4. e3 O-O 5. Bd2 b6 6. Nf3 Bb7 7. Bd3 Bxc3 8. Bxc3
Ne4 9. Bxe4 Bxe4 10. d5 Bg6 11. h4 h6 12. Rh3 f6 13. Rg3 Qe8 14. Nd4 e5 15. Nb5
Na6 16. Qg4 f5 17. Qxg6 Rf7 18. Qxh6 f4 19. Rg5 fxe3 20. fxe3 Qe7 21. d6 cxd6
22. Qxd6 1-0

[Event "Online Olym Top DivC 2021"]
[Site "chess.com INT"]
[Date "2021.09.10"]
[Round "5.4"]
[Board "6"]
[White "Oviedo Acosta, Paula"]
[Black "Hryzlova, Sofiia"]
[Result "1/2-1/2"]
[BlackTitle "WCM"]
[WhiteElo "1637"]
[BlackElo "2176"]
[WhiteTeam "Paraguay"]
[BlackTeam "Ukraine"]
[WhiteFideId "3704394"]
[BlackFideId "14174669"]
[EventDate "2021.09.09"]
[EventType "team"]

1. e4 c5 2. Nf3 d6 3. d4 cxd4 4. Nxd4 Nf6 5. Nc3 Nc6 6. Be2 e6 7. Be3 Be7 8. Qd2
a6 9. O-O-O h5 10. Kb1 Bd7 11. f3 b5 12. Nxc6 Bxc6 13. Bd3 Qc7 14. Ne2 Rc8 15.
h3 h4 16. g4 hxg3 17. Rdg1 d5 18. Nxg3 Bd6 19. exd5 Nxd5 20. Ne4 Be5 21. Rf1
Nxe3 22. Qxe3 Rd8 23. f4 Bd4 24. Qe2 g6 25. Rh2 Bd5 26. c3 Bg7 27. Ng5 Rh5 28.
Nxe6 Bxe6 29. Bxg6 fxg6 30. Qxe6+ Kf8 31. Qxg6 Qd6 32. Qxh5 Qd3+ 33. Rc2 Qxf1+
34. Rc1 Qxf4 35. Qe2 Rd2 36. Qe6 Qf2 37. Qxa6 Rxb2+ 38. Ka1 Rc2 39. Qa3+ Ke8 40.
Qa8+ Ke7 41. Qe4+ Kd7 42. Qxc2 Qc5 43. Rd1+ Kc7 44. Kb1 Bxc3 45. Qxc3 Qxc3 46.
Rc1 Qxc1+ 47. Kxc1 Kd6 48. Kd2 Ke5 49. Ke3 Kf5 50. Kf3 Kg5 51. Kg3 b4 52. Kg2
Kh4 53. Kh2 Kg5 54. Kg3 Kh5 55. h4 Kg6 56. Kg4 Kh6 57. h5 Kh7 58. Kg5 Kg7 59.
h6+ Kh7 60. Kh5 Kg8 61. Kg6 Kh8 62. Kf6 Kh7 63. Ke5 Kxh6 64. Kd4 Kg7 65. Kc4 Kf7
66. Kxb4 Ke7 67. Kb5 Kd7 68. Kb6 Kc8 69. Ka7 Kc7 70. a4 Kc8 71. Ka8 Kc7 72. a5
Kc8 73. Ka7 Kc7 74. a6 Kc8 75. Ka8 Kc7 76. a7 Kc8 1/2-1/2

[Event "Online Olym Top DivC 2021"]
[Site "chess.com INT"]
[Date "2021.09.10"]
[Round "5.5"]
[Board "1"]
[White "Svane, Rasmus"]
[Black "Mladek, Richard"]
[Result "1-0"]
[WhiteTitle "GM"]
[BlackTitle "FM"]
[WhiteElo "2623"]
[BlackElo "2361"]
[WhiteTeam "Germany"]
[BlackTeam "Czech Republic"]
[WhiteFideId "4657101"]
[BlackFideId "386588"]
[EventDate "2021.09.09"]
[EventType "team"]

1. Nf3 Nf6 2. g3 d5 3. Bg2 e6 4. O-O Be7 5. c4 O-O 6. b3 d4 7. e3 c5 8. Ne5 Nbd7
9. exd4 cxd4 10. Nxd7 Nxd7 11. Ba3 a5 12. d3 Re8 13. Qc2 e5 14. Bxe7 Qxe7 15.
Nd2 Nc5 16. Ne4 Ra6 17. f4 exf4 18. Rxf4 Ne6 19. Rf2 Bd7 20. Raf1 f6 21. Qd1 a4
22. Qh5 axb3 23. axb3 Rea8 24. Nxf6+ gxf6 25. Bxb7 Ra5 26. Bd5 Rf8 27. Bxe6+
Qxe6 28. Qxa5 Qe3 29. Re1 Qxd3 30. Qd5+ 1-0

[Event "Online Olym Top DivC 2021"]
[Site "chess.com INT"]
[Date "2021.09.10"]
[Round "5.5"]
[Board "2"]
[White "Stalmach, Richard"]
[Black "Fridman, Daniel"]
[Result "0-1"]
[WhiteTitle "FM"]
[BlackTitle "GM"]
[WhiteElo "2333"]
[BlackElo "2619"]
[WhiteTeam "Czech Republic"]
[BlackTeam "Germany"]
[WhiteFideId "372048"]
[BlackFideId "11600454"]
[EventDate "2021.09.09"]
[EventType "team"]

1. d4 d5 2. c4 e6 3. Nc3 Be7 4. Nf3 Nf6 5. Bf4 O-O 6. e3 b6 7. Bd3 dxc4 8. Bxc4
Ba6 9. Qe2 Bxc4 10. Qxc4 c5 11. dxc5 Bxc5 12. b4 Be7 13. O-O Qc8 14. Qb3 Nc6 15.
a3 Qb7 16. Rac1 h6 17. h3 Rac8 18. Rfd1 Rfd8 19. Bg3 Bf8 20. Bh4 Ne7 21. Bxf6
gxf6 22. Nd4 Ng6 23. Nce2 Rxc1 24. Rxc1 Nh4 25. Nc6 Rd2 26. Ng3 Qd7 27. Qc3 Bg7
28. Nd4 Qd5 29. Qc6 Qxc6 30. Rxc6 f5 31. Rc8+ Kh7 32. Nc6 a6 33. Nh5 Bb2 34. Rc7
Rc2 35. Nf4 Bg7 36. a4 b5 37. axb5 axb5 38. Nd3 Ng6 39. Nc5 Ne5 40. Nxe5 Rc1+ 0-1

[Event "Online Olym Top DivC 2021"]
[Site "chess.com INT"]
[Date "2021.09.10"]
[Round "5.5"]
[Board "3"]
[White "Papp, Sarah"]
[Black "Zelbova, Lada"]
[Result "1-0"]
[WhiteTitle "WGM"]
[WhiteElo "2315"]
[BlackElo "1928"]
[WhiteTeam "Germany"]
[BlackTeam "Czech Republic"]
[WhiteFideId "24606812"]
[BlackFideId "23717882"]
[EventDate "2021.09.09"]
[EventType "team"]

1. e4 c5 2. d3 e6 3. g3 g6 4. Bg2 Bg7 5. f4 Ne7 6. Nf3 d5 7. e5 h5 8. c3 Nbc6 9.
Be3 b6 10. Bf2 Bb7 11. Na3 Nf5 12. O-O O-O 13. h3 Bh6 14. Nc2 h4 15. g4 Ng3 16.
Bxg3 hxg3 17. g5 Bg7 18. Qe1 Ne7 19. Qxg3 Nf5 20. Qf2 Ba6 21. Rfd1 Qd7 22. h4
Rfd8 23. h5 gxh5 24. Nh4 Bf8 25. Nxf5 exf5 26. Ne3 Qe6 27. Bh3 Qg6 28. Bxf5 Qg7
29. d4 Bc8 30. Bxc8 Raxc8 31. Qh4 Qg6 32. f5 Qh7 33. Rd2 cxd4 34. cxd4 Be7 35.
Rg2 Kh8 36. Rf1 a6 37. e6 f6 38. gxf6 Bf8 39. e7 1-0

[Event "Online Olym Top DivC 2021"]
[Site "chess.com INT"]
[Date "2021.09.10"]
[Round "5.5"]
[Board "4"]
[White "Pribylova, Sofie"]
[Black "Heinemann, Josefine"]
[Result "1/2-1/2"]
[WhiteTitle "WFM"]
[BlackTitle "WGM"]
[WhiteElo "1983"]
[BlackElo "2292"]
[WhiteTeam "Czech Republic"]
[BlackTeam "Germany"]
[WhiteFideId "371726"]
[BlackFideId "12900460"]
[EventDate "2021.09.09"]
[EventType "team"]

1. c4 g6 2. Nc3 c5 3. g3 Bg7 4. Bg2 Nc6 5. d3 d6 6. e4 e6 7. Nge2 Nge7 8. O-O
O-O 9. Be3 Nd4 10. Qd2 Nec6 11. Bh6 a6 12. Bxg7 Kxg7 13. Rab1 Rb8 14. a4 b5 15.
axb5 axb5 16. Nxd4 Nxd4 17. Nxb5 Nxb5 18. cxb5 Rxb5 19. b4 Ba6 20. bxc5 Rxc5 21.
Rfc1 Rxc1+ 22. Rxc1 Qb6 23. d4 e5 24. dxe5 dxe5 25. h4 Rd8 26. Qc3 Qd4 27. Qf3
Qd2 28. Rc7 Qd1+ 29. Kh2 Qxf3 30. Bxf3 h5 31. Rc5 Re8 32. Kg2 Bc8 33. Be2 Be6
34. Bc4 Rc8 35. Rxc8 Bxc8 36. f4 exf4 37. gxf4 Bb7 38. Kf3 f6 39. Ke3 Kf8 40.
Kd4 Ke7 41. Bb3 Bc8 42. Bc4 Bg4 43. Bd5 Bd1 44. Bc4 Bf3 45. Bb3 Be2 46. Bd5 Bf3
47. Bb3 Be2 48. Bd5 Bf3 49. Bb3 1/2-1/2

[Event "Online Olym Top DivC 2021"]
[Site "chess.com INT"]
[Date "2021.09.10"]
[Round "5.5"]
[Board "5"]
[White "Keymer, Vincent"]
[Black "Finek, Vaclav"]
[Result "1-0"]
[WhiteTitle "GM"]
[BlackTitle "FM"]
[WhiteElo "2607"]
[BlackElo "2408"]
[WhiteTeam "Germany"]
[BlackTeam "Czech Republic"]
[WhiteFideId "12940690"]
[BlackFideId "23718293"]
[EventDate "2021.09.09"]
[EventType "team"]

1. Nf3 Nf6 2. c4 c6 3. Nc3 d5 4. e3 g6 5. d4 Bg7 6. Be2 O-O 7. O-O c5 8. dxc5
dxc4 9. Qxd8 Rxd8 10. Bxc4 Nc6 11. Bd2 Bg4 12. Rfd1 Nd7 13. Na4 Nde5 14. Be2 Nd3
15. h3 Bf5 16. Bc3 Bxc3 17. bxc3 Nde5 18. Nd4 Bd7 19. Nb2 Na5 20. Nb3 Nec6 21.
Nc4 Nxc4 22. Bxc4 Ne5 23. Bd5 Bc6 24. e4 Rac8 25. c4 e6 26. f4 exd5 27. cxd5 Nc4
28. dxc6 bxc6 29. Rac1 Nb2 30. Rd6 Kf8 31. e5 Ke7 32. Nd4 Ke8 33. Rc3 a5 34. Kf1
a4 35. Ke2 Rxd6 36. cxd6 Kd7 37. Rc2 a3 38. Nb3 Na4 39. Rc4 Nb6 40. Nc5+ Kd8 41.
Rb4 Nd5 42. Rb7 Nxf4+ 43. Kd2 Ne6 44. Nxe6+ 1-0

[Event "Online Olym Top DivC 2021"]
[Site "chess.com INT"]
[Date "2021.09.10"]
[Round "5.5"]
[Board "6"]
[White "Voriskova, Anna"]
[Black "Muetsch, Annmarie"]
[Result "0-1"]
[BlackTitle "WIM"]
[WhiteElo "1799"]
[BlackElo "2259"]
[WhiteTeam "Czech Republic"]
[BlackTeam "Germany"]
[WhiteFideId "23712236"]
[BlackFideId "12971367"]
[EventDate "2021.09.09"]
[EventType "team"]

1. d4 d6 2. c4 e5 3. dxe5 dxe5 4. Qxd8+ Kxd8 5. Nc3 Be6 6. e4 h6 7. Nf3 Nd7 8.
Be3 Bb4 9. O-O-O Bxc3 10. bxc3 Ke7 11. Be2 Ngf6 12. Nd2 c5 13. f3 b6 14. Nb1 Nb8
15. Na3 a6 16. Rd2 Nc6 17. Rhd1 Rhd8 18. Kc2 Na5 19. Bf2 Rxd2+ 20. Rxd2 Rd8 21.
Bg3 Rxd2+ 22. Kxd2 Kd6 23. Ke3 Ne8 24. f4 f6 25. Bd3 g5 26. fxe5+ fxe5 27. Be2
Bf7 28. h3 Ke6 29. Bg4+ Kf6 30. Bc8 Nxc4+ 31. Nxc4 Bxc4 32. a3 Nd6 33. Bg4 Bb5
34. Be2 Bxe2 35. Kxe2 Nxe4 36. Be1 Nd6 37. Kd3 c4+ 38. Ke3 h5 39. Bd2 g4 40.
hxg4 hxg4 41. Be1 Kf5 42. Bh4 Nb5 43. Bd8 Nxc3 44. Kd2 Nd5 0-1